Quantum mechanics : a conceptual approach /

Bibliographic Details
Main Author: Hameka, Hendrik F.
Format: Book
Language:English
Published: Hoboken, N.J. : Wiley-Interscience, [2004]
Subjects:
Online Access:Contributor biographical information
Publisher description
Table of contents

MARC

Tag First Indicator Second Indicator Subfields
LEADER 00000cam a22000004a 4500
001 in00002002306
005 20151031142440.0
008 040113s2004 njua 001 0 eng
010 |a  2004000645 
020 |a 0471649651 (pbk. : acid-free paper) 
035 |a (OCoLC)ocm54046890 
040 |a DLC  |c DLC  |d EYE  |d UtOrBLW 
042 |a pcc 
049 |a TXAM 
050 0 0 |a QC174.12  |b .H353 2004 
082 0 0 |a 530.12  |2 22 
100 1 |a Hameka, Hendrik F. 
245 1 0 |a Quantum mechanics :  |b a conceptual approach /  |c Hendrik F. Hameka. 
264 1 |a Hoboken, N.J. :  |b Wiley-Interscience,  |c [2004] 
264 4 |c ©2004 
300 |a xii, 194 pages :  |b illustrations ;  |c 24 cm. 
336 |a text  |b txt  |2 rdacontent 
337 |a unmediated  |b n  |2 rdamedia 
338 |a volume  |b nc  |2 rdacarrier 
500 |a Includes index. 
505 0 |a The discovery of quantum mechanics -- The mathematics of quantum mechanics -- Classical mechanics -- Wave mechanics of a free particle -- The Schrödinger equation -- Applications -- Angular momentum -- The hydrogen atom -- Approximate methods -- The helium atom -- Atomic structure -- Molecular structure. 
650 0 |a Quantum theory. 
856 4 2 |3 Contributor biographical information  |u http://www.loc.gov/catdir/bios/wiley047/2004000645.html  |t 0 
856 4 2 |3 Publisher description  |u http://www.loc.gov/catdir/description/wiley041/2004000645.html  |t 0 
856 4 1 |3 Table of contents  |u http://www.loc.gov/catdir/toc/ecip0413/2004000645.html  |t 0 
948 |a cataloged  |b h  |c 2005/2/24  |d c  |e mphillip  |f 3:20:21 pm 
994 |a C0  |b TXA 
999 |a MARS 
999 f f |s 714d7fa7-94cf-3866-85f2-02e52552e14a  |i d59d5616-39a8-3efb-80e6-e01a3ea6c67d  |t 0 
952 f f |p normal  |a Texas A&M University  |b College Station  |c Sterling C. Evans Library  |d Evans: Library Stacks  |t 0  |e QC174.12 .H353 2004  |h Library of Congress classification  |i unmediated -- volume  |m A14832501013 
998 f f |a QC174.12 .H353 2004  |t 0  |l Evans: Library Stacks